000
00185nam a22000857a 4500
999
_c
16297
_d
16297
003
OSt
008
200721b ||||| |||| 00| 0 eng d
245
_a
Agriculture Relations Act
942
_c
BK